Представление документа в формате RUSMARC

ПолеНазваниеЗначение
  Тип записи a
  Библиографический уровень m
001 Контрольный номер 59040c94619d4260b4ed2bc7b5a21cce
005 Дата корректировки 20150227092830.4
010 Индекс ISBN __
a ISBN 978-5-9916-4813-4
d Цена б/ц
101 Язык документа 0_
a Язык текста rus
102 Страна публикации __
a Страна публикации RU
200 Заглавие и сведения об ответственности 1_
a Заглавие Экономика организации (предприятия)
b Общее обозначение материала Текст
e Сведения, относящиеся к заглавию учебник и практикум для прикладного бакалавриата
f Первые сведения об ответственности И.В.Сергеев, И.И.Веретенникова
205 Сведения об издании __
a Основные сведения об издании 6-е изд., перераб. и доп.
210 Выходные данные 1_
a Место издания М.
c Издательство Юрайт
d Дата издания 2015
215 Физическое описание __
a Объем 671 с.
225 Серия 2_
a Серия Бакалавр. Прикладной курс
610 Ключевые слова 0_
a Ключевые слова экономика организации
a Ключевые слова экономика предприятия
a Ключевые слова предприятие
a Ключевые слова централизация производства продукции на предприятии
a Ключевые слова концентрация производства продукции на предприятии
a Ключевые слова специализация производства
a Ключевые слова малый бизнес
a Ключевые слова основные средства предприятия
a Ключевые слова сырьевые ресурсы
a Ключевые слова оборотные средства
a Ключевые слова кадры предприятия
a Ключевые слова ценообразование на предприятии
a Ключевые слова финансовое состояние предприятия
a Ключевые слова оценка стоимости предприятия
686 Индексы других классификаций __
a Классификационный индекс 65.291
700 Автор _1
a Фамилия Сергеев И. В.
701 Альтернативная интеллектуальная ответственность _1
a Фамилия Веретенникова И. И.
e Роль лиц Автор
801 Источник записи _0
a Страна RU
b Организация РУК
g Правила каталогизации PSBO
801 Источник записи _1
a Страна RU
b Организация РУК
g Правила каталогизации PSBO
852 Данные о местонахождении __
i Авторский знак С 32
j Шифр хранения 65.291
901 Тип документа __
t Тип документа m
937 Технологическая информация __
a Создатель записи (имя) ОрловаЛА
938 Служебная информация __
a Название организации Ижевский филиал
938 Служебная информация __
a Название организации Дальневосточный филиал
952 Тип литературы __
b Гриф литературы для ВШ гриф УМО
c Вид литературы учебник